[Event "Jogo 4 (2025)"]
[Site "http://www.queenalice.com/game.php?id=1851056"]
[Date "2025.1.25"]
[Round "-"]
[White "MarcosT"]
[Black "Mlintz"]
[Result "0-1"]
[WhiteElo "2117"]
[BlackElo "1951"]

1. d4 e6 2. e3 d5 3. Bd3 c5 4. c3 Nc6 5. Nd2 cxd4 6. cxd4 Nf6 7. f4 a6 8. Ngf3
Be7 9. O-O O-O 10. Ng5 g6 11. Rf3 h6 12. Nh3 Kg7 13. Nf2 Nd7 14. Rg3 Nf6 15. Ng4
Nh5 16. Rh3 Rh8 17. Ne5 Nxe5 18. fxe5 Kg8 19. Nf3 Ng7 20. e4 b5 21. exd5 exd5
22. Bxh6 Bxh3 23. Bxg7 Kxg7 24. gxh3 Rxh3 25. Kg2 Qd7 26. Qe2 Qg4+ 27. Kf1 Rxf3+
28. Ke1 Bh4+ 29. Kd1 Rxd3+ 0-1

[Event "AUTO-OPEN-4575"]
[Site "http://www.queenalice.com/game.php?id=1851878"]
[Date "2025.2.11"]
[Round "1"]
[White "Capixaba789"]
[Black "MarcosT"]
[Result "0-1"]
[WhiteElo "1878"]
[BlackElo "2049"]

1. d4 d5 2. Nc3 e6 3. f4 Bd6 4. Nf3 Nd7 5. e3 Ngf6 6. Be2 c5 7. O-O O-O 8. Ne5
Ne4 9. Nxe4 dxe4 10. c3 cxd4 11. cxd4 f6 12. Nc4 Bc7 13. Qc2 f5 14. Ne5 Rf6 15.
b3 Nxe5 16. dxe5 Rg6 17. Bb2 Bb6 18. Bc1 a6 19. Bc4 Ba7 20. Re1 Qh4 21. Ba3 Qxf4
22. Kh1 Bxe3 23. Rad1 Bb6 24. Bd6 Bd7 25. Rf1 Qg5 26. Bb4 f4 27. Bd6 Rc8 28.
Qxe4 Bc6 29. Qd3 Qxg2# 0-1

[Event "AUTO-OPEN-4575"]
[Site "http://www.queenalice.com/game.php?id=1851879"]
[Date "2025.2.11"]
[Round "1"]
[White "MarcosT"]
[Black "Capixaba789"]
[Result "1-0"]
[WhiteElo "2059"]
[BlackElo "1840"]

1. d4 e5 2. dxe5 Bc5 3. Nf3 d6 4. exd6 Ne7 5. Nc3 Bxd6 6. Bg5 O-O 7. Qd2 f6 8.
Be3 Ng6 9. O-O-O Nc6 10. h3 Be6 11. Nd4 Bf7 12. Nxc6 bxc6 13. g3 a5 14. Bg2 a4
15. Bxc6 Ra5 16. Nb5 Rxb5 17. Bxb5 Bxa2 18. Bxa4 Be6 19. f4 f5 20. Rhf1 Qa8 21.
b3 Rb8 22. Kb2 Qxa4 23. Ra1 Qe4 24. Ra3 Bxa3+ 25. Kxa3 Qg2 26. Rd1 Qxh3 27. Kb2
Qg2 28. Bd4 Qc6 29. Bc3 Qe8 30. Qd4 Qf7 31. Qa7 Qe8 32. Qxc7 Ne7 33. Qe5 Qf8 34.
Qxe6+ Kh8 35. Rh1 1-0

[Event "AUTO-OPEN-4575"]
[Site "http://www.queenalice.com/game.php?id=1851906"]
[Date "2025.2.11"]
[Round "1"]
[White "game"]
[Black "MarcosT"]
[Result "0-1"]
[WhiteElo "1456"]
[BlackElo "2083"]

1. e4 e5 2. Bc4 Nf6 3. d3 Bc5 4. Be3 Bxe3 5. fxe3 c6 6. Nc3 d5 7. Bb3 Bg4 8. Nf3
O-O 9. exd5 cxd5 10. d4 e4 11. h3 Bh5 12. g4 Nxg4 13. Ne5 Qh4+ 14. Kd2 Nxe5 15.
Qf1 Nf3+ 16. Kc1 Qg5 17. Nd1 Nxd4 18. Qb5 Nxb5 19. Nc3 Qxe3+ 20. Kb1 Nxc3+ 21.
bxc3 Bf3 22. Rc1 Qxc3 23. Bxd5 Qb4+ 24. Bb3 Na6 25. Rg1 Nc5 26. Kc1 Nxb3+ 27.
axb3 Qd4 28. Ra4 Qxg1+ 0-1

[Event "AUTO-OPEN-4575"]
[Site "http://www.queenalice.com/game.php?id=1851907"]
[Date "2025.2.11"]
[Round "1"]
[White "MarcosT"]
[Black "game"]
[Result "1-0"]
[WhiteElo "2085"]
[BlackElo "1454"]

1. d4 d5 2. e3 Bf5 3. Nd2 Nc6 4. c3 Nf6 5. f4 Bg4 6. Ngf3 a5 7. Be2 Nh5 8. O-O
e5 9. Nxe5 f5 10. Nxg4 fxg4 11. Bxg4 Nf6 12. Bh3 h5 13. Nf3 Ng4 14. Ng5 g6 15.
Bxg4 hxg4 16. Qxg4 Qd6 17. e4 dxe4 18. Nxe4 Qd8 19. Qxg6+ Kd7 20. Nc5+ Kc8 21.
Qe6+ Kb8 22. Nd7+ Ka7 23. d5 Nb8 24. Be3+ b6 25. Nxb8 Rxb8 26. b4 Bg7 27. bxa5
Kb7 28. Qc6+ Kc8 29. axb6 Qh4 30. Qxc7# 1-0

[Event "AUTO-OPEN-4575"]
[Site "http://www.queenalice.com/game.php?id=1851924"]
[Date "2025.2.11"]
[Round "1"]
[White "SGF"]
[Black "MarcosT"]
[Result "0-1"]
[WhiteElo "1705"]
[BlackElo "2087"]

1. e4 e5 2. Qf3 Nf6 3. d3 Bc5 4. Be2 Nc6 5. c3 d5 6. Bg5 Bg4 7. Qxg4 Nxg4 8.
Bxd8 Nxf2 9. Bxc7 Nxh1 10. exd5 Bf2+ 11. Kf1 O-O 12. Nh3 Bc5 13. dxc6 bxc6 14.
Bf3 Rac8 15. Bxe5 Rfe8 16. d4 Bb6 17. g4 f6 18. Bf4 g5 19. Bd6 Re3 20. Bxh1 Rxh3
21. Nd2 Re3 22. Nc4 Ree8 23. a4 Bc7 24. h3 Red8 25. Be7 Re8 26. Bxf6 Rf8 27. Ke2
Rxf6 28. Bxc6 Rxc6 29. Kd2 Rxc4 30. Kd3 Bf4 31. b3 Rxc3+ 32. Ke4 Re3+ 33. Kd5
Rd8+ 34. Kc4 Rc8+ 35. Kb4 a5+ 36. Kxa5 Rxb3 37. Ka6 Ra8# 0-1

[Event "AUTO-OPEN-4575"]
[Site "http://www.queenalice.com/game.php?id=1851925"]
[Date "2025.2.11"]
[Round "1"]
[White "MarcosT"]
[Black "SGF"]
[Result "1-0"]
[WhiteElo "2081"]
[BlackElo "1723"]

1. d4 d5 2. e3 a6 3. Bd3 h5 4. Nd2 Bg4 5. Be2 Bxe2 6. Nxe2 h4 7. h3 g5 8. Nf3 f6
9. Qd3 Rh6 10. Bd2 c6 11. O-O-O b5 12. e4 e6 13. g3 hxg3 14. Nxg3 a5 15. exd5
Qxd5 16. Ne4 Nd7 17. Nxf6+ Ngxf6 18. Bxg5 Rg6 19. Qxg6+ Ke7 20. Ne5 Nxe5 21.
Bxf6+ Kd6 22. dxe5+ Kc5 23. Rxd5+ cxd5 24. Qf7 d4 25. Qc7+ Kb4 26. a3+ Ka4 27.
b3+ Kxa3 28. Be7+ Bxe7 29. Qxe7+ b4 30. Qd6 Rc8 31. Qxd4 Rc3 32. Qd7 Rf3 33.
Qa4# 1-0

[Event "AUTO-OPEN-4310"]
[Site "http://www.queenalice.com/game.php?id=1852073"]
[Date "2025.2.13"]
[Round "3"]
[White "MarcosT"]
[Black "CCapivara"]
[Result "0-1"]
[WhiteElo "2077"]
[BlackElo "2206"]

1. d4 d6 2. e4 Nf6 3. Bd3 e5 4. c3 Be7 5. Nd2 O-O 6. Ngf3 Bg4 7. O-O Nbd7 8. Re1
c6 9. Nf1 Bh5 10. Ng3 Bg6 11. Nh4 d5 12. Nxg6 hxg6 13. exd5 exd4 14. dxc6 bxc6
15. cxd4 Nb6 16. Bg5 Re8 17. Qb3 Bd6 18. Bxg6 Nbd5 19. Rxe8+ Qxe8 20. Bd3 Rb8
21. Qd1 Rxb2 22. Bxf6 Nxf6 23. Nf5 Bf8 24. Qf3 g6 25. Qg3 Qd7 26. Nh4 Qxd4 27.
Nxg6 fxg6 28. Bxg6 Rxf2 29. Bh5+ Kh8 30. Rd1 Rd2+ 0-1

[Event "AUTO-OPEN-4310"]
[Site "http://www.queenalice.com/game.php?id=1852074"]
[Date "2025.2.13"]
[Round "3"]
[White "CCapivara"]
[Black "MarcosT"]
[Result "1-0"]
[WhiteElo "2198"]
[BlackElo "2089"]

1. e4 e5 2. Nf3 Nf6 3. Nxe5 Nc6 4. Nxc6 dxc6 5. d3 Bc5 6. Be2 h5 7. O-O Ng4 8.
d4 Bb6 9. c3 Qh4 10. h3 Nf6 11. Bf3 Bd7 12. e5 Ne4 13. Bxe4 Qxe4 14. Nd2 Qg6 15.
Qf3 O-O-O 16. Nc4 Be6 17. Nxb6+ axb6 18. a4 Bd5 19. Qg3 Qe6 20. a5 Kb8 21. axb6
cxb6 22. f4 g5 23. f5 Qd7 24. Bxg5 Rhg8 25. h4 Kc7 26. Qh2 b5 27. e6+ Qd6 28.
Bf4 1-0

[Event "AUTO-OPEN-4577"]
[Site "http://www.queenalice.com/game.php?id=1852517"]
[Date "2025.2.20"]
[Round "1"]
[White "MarcosT"]
[Black "chessman"]
[Result "1-0"]
[WhiteElo "2003"]
[BlackElo "1934"]

1. d4 d5 2. e3 e6 3. Bd3 c5 4. c3 Nf6 5. Nd2 Nc6 6. f4 Bd7 7. Ngf3 cxd4 8. cxd4
Be7 9. O-O O-O 10. Ne5 a6 11. Rf3 h6 12. Rh3 Nb4 13. Bb1 Nc6 14. a3 Qc7 15. Ndf3
Rac8 16. Qe1 Kh8 17. Ng5 Be8 18. Ngf3 Nxd4 19. exd4 Qxc1 20. Qxc1 Rxc1+ 21. Kf2
Bb5 22. Ng5 Rcc8 23. Ngxf7+ Kg8 24. Bg6 Ne4+ 25. Ke3 Nd6 26. Nxd6 Bxd6 27. Rf3
Rc2 28. Bxc2 Bxe5 29. fxe5 Rxf3+ 30. gxf3 Kf7 31. h4 g6 32. f4 Bc6 33. Rg1 1-0

[Event "AUTO-OPEN-4577"]
[Site "http://www.queenalice.com/game.php?id=1852518"]
[Date "2025.2.20"]
[Round "1"]
[White "chessman"]
[Black "MarcosT"]
[Result "1-0"]
[WhiteElo "1938"]
[BlackElo "2016"]

1. e4 e5 2. Nf3 Nf6 3. Nxe5 Nc6 4. Nxc6 dxc6 5. d3 Bc5 6. Nc3 h5 7. h3 Be6 8.
Bd2 Qd7 9. Qe2 O-O-O 10. Be3 Bd4 11. Bxd4 Qxd4 12. Qe3 c5 13. Qxd4 cxd4 14. Ne2
g5 15. f3 g4 16. hxg4 hxg4 17. Rxh8 Rxh8 18. O-O-O gxf3 19. gxf3 Nd7 20. f4 c5
21. f5 Bxa2 22. b3 Bxb3 23. cxb3 a5 24. Nf4 Rh4 25. Nd5 Ne5 26. Be2 Rh2 27. Bf1
b5 28. Nf4 a4 29. bxa4 bxa4 30. Bh3 Kc7 31. Kb1 a3 32. Nd5+ Kd6 33. Bf1 Nc6 34.
Ka1 Na5 35. Rb1 Kd7 36. e5 Kc6 37. Nf6 Rf2 38. Bh3 Rf3 39. Bg2 1-0

[Event "AUTO-OPEN-4577"]
[Site "http://www.queenalice.com/game.php?id=1852519"]
[Date "2025.2.20"]
[Round "1"]
[White "MarcosT"]
[Black "josebaron"]
[Result "1/2-1/2"]
[WhiteElo "2049"]
[BlackElo "2240"]

1. d4 d5 2. e3 Nf6 3. Bd3 e6 4. Nd2 Be7 5. f4 O-O 6. Ngf3 h6 7. O-O c5 8. c3 c4
9. Bc2 a5 10. Ne5 Nbd7 11. Rf3 b5 12. b3 Bb7 13. Rh3 Nxe5 14. fxe5 Ne4 15. Nf1
Nxc3 16. Qh5 Ne4 17. Ng3 Ng5 1/2-1/2

[Event "AUTO-OPEN-4577"]
[Site "http://www.queenalice.com/game.php?id=1852520"]
[Date "2025.2.20"]
[Round "1"]
[White "josebaron"]
[Black "MarcosT"]
[Result "1-0"]
[WhiteElo "2233"]
[BlackElo "2058"]

1. e4 e5 2. Nf3 Nf6 3. Nc3 Bc5 4. Bc4 Ng4 5. O-O Nc6 6. h3 Nf6 7. d3 Na5 8. Bb3
Nxb3 9. axb3 d6 10. Bg5 c6 11. Re1 h6 12. Bh4 g5 13. Bg3 a6 14. d4 exd4 15. Nxd4
Qc7 16. e5 dxe5 17. Bxe5 1-0

[Event "AUTO-OPEN-4577"]
[Site "http://www.queenalice.com/game.php?id=1852522"]
[Date "2025.2.20"]
[Round "1"]
[White "harvir"]
[Black "MarcosT"]
[Result "0-1"]
[WhiteElo "1437"]
[BlackElo "1997"]

1. e4 e5 2. Nf3 Nf6 3. Nc3 Bc5 4. Nxe5 Nc6 5. Nd3 Bb6 6. Be2 Nd4 7. Bg4 Nxc2+ 8.
Qxc2 Nxg4 9. g3 Qf6 10. O-O d6 11. Nd5 Qd4 12. Nxb6 Qxb6 13. Qa4+ Bd7 14. Qc2
O-O-O 15. h3 Ne5 16. Nxe5 dxe5 17. d3 Bxh3 18. Re1 Qg6 19. Qe2 Rhf8 20. Qf3 f5
21. exf5 Rxf5 22. Qh1 Rh5 23. Be3 Rxd3 24. Qh2 e4 25. Bf4 Bg4 26. Qg2 Bf3 27.
Qf1 Rh1# 0-1

[Event "AUTO-OPEN-4580"]
[Site "http://www.queenalice.com/game.php?id=1853416"]
[Date "2025.3.7"]
[Round "1"]
[White "CCapivara"]
[Black "MarcosT"]
[Result "0-1"]
[WhiteElo "2217"]
[BlackElo "2033"]

1. e4 e5 2. Nf3 Nf6 3. Nxe5 Nc6 4. Nxc6 dxc6 5. d3 Bc5 6. Be2 h5 7. O-O Ng4 8.
h3 Qh4 9. d4 Bb6 10. c3 Bd7 11. Bf4 Qf6 12. Be3 Nxe3 13. fxe3 Qg6 14. Rf3 O-O-O
15. Nd2 Qh6 16. Nc4 Rdf8 17. Nxb6+ axb6 18. Qb3 f5 19. exf5 Rxf5 20. Raf1 Rhf8
21. Rxf5 Bxf5 22. c4 Qg6 23. Qa3 Rf6 24. Qa8+ Kd7 25. Qxb7 Be4 26. Rf2 Qg3 0-1

[Event "AUTO-OPEN-4580"]
[Site "http://www.queenalice.com/game.php?id=1853417"]
[Date "2025.3.7"]
[Round "1"]
[White "MarcosT"]
[Black "CCapivara"]
[Result "1/2-1/2"]
[WhiteElo "2021"]
[BlackElo "2214"]

1. d4 d6 2. e4 Nf6 3. Nc3 c6 4. Be2 b5 5. Nf3 b4 6. Nb1 Nxe4 7. Nbd2 Nxd2 8.
Bxd2 a5 9. c3 bxc3 10. bxc3 g6 11. O-O Bg7 12. Re1 O-O 13. a4 c5 14. dxc5 dxc5
15. Bc4 Nc6 16. Qc1 Bb7 17. Bh6 Qd6 18. Bxg7 Kxg7 19. Qg5 h6 20. Qg4 Rad8 21.
Rad1 Qxd1 22. Rxd1 Rxd1+ 23. Bf1 Ba6 24. c4 Rfd8 25. h4 e5 26. Qe4 R8d6 27. g3
f5 28. Qe2 e4 29. Qb2+ Kh7 30. Ne5 Nxe5 31. Qxe5 Rd7 32. Qxc5 h5 33. Kg2 Bb7 34.
Qe3 R1d2 35. c5 Bc6 36. Bb5 Bxb5 37. axb5 R7d3 38. Qg5 e3 39. Qe7+ Kh6 40. Qf8+
Kh7 41. Qf7+ 1/2-1/2

[Event "AUTO-OPEN-4580"]
[Site "http://www.queenalice.com/game.php?id=1853436"]
[Date "2025.3.7"]
[Round "1"]
[White "johnew"]
[Black "MarcosT"]
[Result "1-0"]
[WhiteElo "1749"]
[BlackElo "2056"]

1. e4 e5 2. Nf3 Nf6 3. Nxe5 Nc6 4. Nf3 Bc5 5. d4 Bb6 6. e5 Ne4 7. Bd3 d5 8. O-O
Bg4 9. c3 h6 10. Qe2 h5 11. Bxe4 dxe4 12. Qxe4 Be6 13. Bg5 f6 14. exf6 Qd6 15.
Qg6+ Bf7 16. Re1+ Ne7 17. fxg7 O-O-O 18. Qxd6 cxd6 19. gxh8=Q Rxh8 20. Rxe7 Bd5
21. Nbd2 Rf8 22. Rae1 Bc6 23. h4 Bc7 24. d5 1-0

[Event "AUTO-OPEN-4580"]
[Site "http://www.queenalice.com/game.php?id=1853437"]
[Date "2025.3.7"]
[Round "1"]
[White "MarcosT"]
[Black "johnew"]
[Result "0-1"]
[WhiteElo "2029"]
[BlackElo "1831"]

1. d4 Nf6 2. e3 d5 3. Bd3 g6 4. Nd2 Bg7 5. f4 c5 6. c3 O-O 7. Ngf3 Nc6 8. O-O
Qb6 9. Ne5 cxd4 10. cxd4 Nb4 11. Bb1 Be6 12. a3 Nc6 13. f5 gxf5 14. Bxf5 Nxe5
15. Bxe6 Qxe6 16. dxe5 Qxe5 17. Nf3 Qh5 18. Bd2 Ne4 19. Bb4 Bf6 20. Qd3 Kh8 21.
Nd4 Rg8 22. Ne2 Be5 23. g3 Qh3 0-1

[Event "AUTO-OPEN-4585"]
[Site "http://www.queenalice.com/game.php?id=1854883"]
[Date "2025.4.2"]
[Round "1"]
[White "Magnaroc"]
[Black "MarcosT"]
[Result "1-0"]
[WhiteElo "1846"]
[BlackElo "2011"]

1. e4 e5 2. f4 exf4 3. Bc4 Qh4+ 4. Kf1 Bc5 5. d4 Bb6 6. Nf3 Qh6 7. Ne5 d5 8.
Bxd5 c6 9. Bxf7+ Ke7 10. Nc3 Be6 11. Bxe6 Kxe6 12. Qg4+ Kd6 13. Nf7+ 1-0